LEADER 01313nam0 2200361 450 001 000022980 005 20090415160341.0 100 $a20081110d1951----km-y0itaa50------ba 101 1 $aita 102 $aIT 200 1 $aTecnica del cinema$fLo Duca$g[traduzione dal francese di Armando Silvestri] 210 $aMilano$cGarzanti$dc1951 215 $a119 p.$cill.$d19 cm 225 2 $aSaper tutto$v24 300 $aTit. orig.: Technique du cinéma 300 $aIn cop. e in testa al front. firma autografa: Sergio de Pilato, 1952 300 $aL. 150 410 0$12001$aSaper tutto$v24 600 1$aCinematografia 676 $a778.5$v(21. ed.)$9Cinematografia, produzione, video, attività connesse 700 1$aLo Duca,$bGiuseppe Maria$0330551 702 1$aSilvestri,$bArmando 801 0$aIT$bUniversità della Basilicata - B.I.A.$gRICA$2unimarc 912 $a000022980 996 $aTecnica del cinema$987290 997 $aUNIBAS BAS $aLETTERE CAT $aSTD069$b01$c20081110$lBAS01$h1314 CAT $aSTD069$b01$c20081119$lBAS01$h1405 CAT $aTTM$b30$c20090415$lBAS01$h1556 CAT $aTTM$b30$c20090415$lBAS01$h1603 FMT Z30 -1$lBAS01$LBAS01$mBOOK$1BASA1$APolo Storico-Umanistico$2FDEP2$BFondo De Pilato Biscione$3FD/107972$6107972$5L107972$820090415$f52$FRari LEADER 01584nam0 2200397 i 450 001 LO10360307 005 20231121125518.0 010 $a8815048030 020 $aIT$b95-9010 100 $a20030408d1995 ||||0itac50 ba 101 | $aita 102 $ait 181 1$6z01$ai $bxxxe 182 1$6z01$an 200 1 $aPercorsi diversi per lo sviluppo economico$fRichard Pomfret 210 $aBologna$cIl mulino$d\1995! 215 $a363 p.$d22 cm 225 | $aStudi e ricerche$v349 300 $aEd. italiana a cura di Luciano Boggio 300 $aTrad. di Giacomo Campora. 410 0$1001CFI0001423$12001 $aStudi e ricerche$v349 500 10$aDiverse paths of economic development.$3LO10360501$9MILV028309$941566 606 $aPaesi in via di sviluppo$xEconomia$2FIR$3RMLC001723$9I 676 $a330.9$9$v21 676 $a330.91724$9$v21 700 1$aPomfret$b, Richard$3MILV028309$4070$089560 790 1$aPomfret$b, Richard W. T.$3TO0V172710$zPomfret, Richard 801 3$aIT$bIT-01$c20030408 850 $aIT-FR0084 $aIT-FR0098 899 $aBiblioteca Del Monumento Nazionale Di Montecassino$bFR0084 899 $aBiblioteca Area Giuridico Economica$bFR0098 912 $aLO10360307 950 0$aBiblioteca Area Giuridico Economica$d 53TER 330.9/217$e 53VM 0000097035 VM barcode:ECO008699. - Inventario:4594. - Fondo:Sala consultazioneVM$fA $h20000523$i20121204 977 $a 25$a 53 996 $aDiverse paths of economic development$941566 997 $aUNICAS